000 00426nam a2200133 4500
999 _c13350
_d13350
008 160518b xxu||||| |||| 00| 0 eng d
022 _a2094-8042
082 _2June-March 2016 v.64, n.1-10
_aDPer 370.105
_bM72
245 _aThe modern teacher.
260 _aPhilippines:
_bIn the Grade School, Inc.,
_cc2016.
300 _avarious paging:
_billustrations;
_c28 cm.
650 0 _aEducation
_vPeriodicals
_937297
942 _2ddc
_cPER